Corrosion control in the oil and gas industry / (Record no. 23750)
[ view plain ]
| 000 -LEADER | |
|---|---|
| fixed length control field | 00924cam a22002415a 4500 |
| 001 - CONTROL NUMBER | |
| control field | 18116620 |
| 005 - DATE AND TIME OF LATEST TRANSACTION | |
| control field | 20161225155542.0 |
| 008 - FIXED-LENGTH DATA ELEMENTS--GENERAL INFORMATION | |
| fixed length control field | 140415t2014 enka frb 001 0 eng d |
| 020 ## - INTERNATIONAL STANDARD BOOK NUMBER | |
| International Standard Book Number | 0123970229 |
| 020 ## - INTERNATIONAL STANDARD BOOK NUMBER | |
| International Standard Book Number | 9780123970220 |
| 040 ## - CATALOGING SOURCE | |
| Original cataloging agency | ERL |
| Language of cataloging | eng |
| Transcribing agency | ERL |
| Modifying agency | OCLCO |
| -- | YDXCP |
| -- | IXA |
| -- | BTCTA |
| -- | UKMGB |
| -- | CDX |
| -- | DLC |
| -- | EG-ScBUE |
| 082 04 - DEWEY DECIMAL CLASSIFICATION NUMBER | |
| Classification number | 665.5 |
| Edition number | 22 |
| Item number | PAP |
| 100 1# - MAIN ENTRY--PERSONAL NAME | |
| Personal name | Papavinasam, Sankara, |
| Dates associated with a name | 1962- |
| 245 10 - TITLE STATEMENT | |
| Title | Corrosion control in the oil and gas industry / |
| Statement of responsibility, etc | Sankara Papavinasam. |
| 260 ## - PUBLICATION, DISTRIBUTION, ETC. (IMPRINT) | |
| Place of publication, distribution, etc | London : |
| Name of publisher, distributor, etc | Gulf Professional Publishing / Elsevier, |
| Date of publication, distribution, etc | c.2014. |
| 300 ## - PHYSICAL DESCRIPTION | |
| Extent | xviii, 992 p. : |
| Other physical details | ill. ; |
| Dimensions | 23 cm. |
| 504 ## - BIBLIOGRAPHY, ETC. NOTE | |
| Bibliography, etc | Includes bibliographical references and index. |
| 650 #7 - SUBJECT ADDED ENTRY--TOPICAL TERM | |
| Topical term or geographic name as entry element | Petroleum industry and trade |
| General subdivision | Equipment and supplies |
| -- | Corrosion. |
| Source of heading or term | BUEsh |
| 650 #7 - SUBJECT ADDED ENTRY--TOPICAL TERM | |
| Topical term or geographic name as entry element | Gas industry |
| General subdivision | Equipment and supplies |
| -- | Corrosion. |
| Source of heading or term | BUEsh |
| 650 #7 - SUBJECT ADDED ENTRY--TOPICAL TERM | |
| Topical term or geographic name as entry element | Corrosion and anti-corrosives. |
| Source of heading or term | BUEsh |
| 9 (RLIN) | 3623 |
| 653 ## - INDEX TERM--UNCONTROLLED | |
| Resource For college | Engineering, Petroleum |
| Arrived date list | December2016 |
| 942 ## - ADDED ENTRY ELEMENTS (KOHA) | |
| Source of classification or shelving scheme | Dewey Decimal Classification |
| Withdrawn status | Item status | Source of classification or shelving scheme | Damaged status | Not for loan | Vendor | Home library | Current library | Shelving location | Date acquired | Source of acquisition | Cost, normal purchase price | Serial Enumeration / chronology | Total Checkouts | Total Renewals | Full call number | Barcode | Date last seen | Date last borrowed | Cost, replacement price | Koha item type |
|---|---|---|---|---|---|---|---|---|---|---|---|---|---|---|---|---|---|---|---|---|
| Dewey Decimal Classification | Academic Bookshop | Central Library | Central Library | First floor | 25/12/2016 | Purchase | 1440.00 | 2000085 | 2 | 4 | 665.5 PAP | 000040648 | 15/07/2025 | 01/12/2018 | 1800.00 | Book - Borrowing |